Coupe du monde de football - Statistiques

Statistiques générales
  • Ce quiz a été pris 102 fois
  • Le résultat moyen est 7 sur 15
Statistiques - réponses
Question Réponse % Correct
Quel pays a remporté le plus d'édition. Le Bresil
100%
Qui est le recordman du nombre de buts (en plusieurs editions) Miroslav Klose
65%
Combien de finales ont disputés les Pays-Bas ? 3
53%
Qui fut meilleur buteur lors de l'édition 2018 ? Harry Kane
53%
Quel joueur égalisa face à la France lors de la finale 2006 ? Marco Materazzi
53%
Quelle fût la première finale de l'histoire ? Uruguay - Argentine
53%
Quel est la première équipe africaine à avoir atteint les 1/4 de finale ? Le Cameroun
47%
Avec David Villa , Wesley Sneijder et Diego Forlan quel joueur fut en-tête du classement final des buteurs lors de l'édition 2010 ? Thomas Müller
47%
Quel rencontre a pour surnom , la bataille de Nuremberg ? Portugal Pays-Bas
41%
Sur quel score l'Allemagne s'imposa contre l'Arabie saoudite en 2002 8-0
35%
Qui fut meilleur buteur du mondial 98 ? Davor Suker
35%
Qui inscrit le but victorieux lors de la finale 1990 entre l'Allemagne et l'Argentine Andreas Brehme
29%
Qui inscrit le premier but du mondial 1998 ? Cesar Sampaio
24%
Lors du 1/4 de finale 1994 Bresil Pays-Bas, qui inscrit le but victorieux ? Branco
12%
Quel joueur remporte le classement des buteurs en 1974 ? Grzegror Lato
12%
Aucun quiz correspondant
Distribution des résultats
% des personnes avec chaque résultat
Percentile par nombre de réponses
Votre historique - résultats
Vous n’avez pas pris ce quiz